00684nam a2200181 a 450000100100000000500170001000800410002704000250006808200150009311100890010824500140019726000860021130000200029750000450031704900090036295201140037199900170048500002833920200930031544.0110303s1985 dr 000 0 spa d aDO-SdBNPbspacBNPHU axxxbF356i2 aFeria nacional del libron(13a. :d1985 abr. - julio, 6- 13 :cSanto Domingo)95531710aPrograma. aSanto Domingo :bComisión Organizadora Permanente de la Feria del Libro,c1985. a54 p. ;c23 cm. aEn homenaje a Dr. Vertilio alfau Durán aBNPD 00107-18PDaPDbPDcOId2011-04-08iLF1l0oxxx F356ip28339-10r2020-06-25w2020-06-25yLFPDZNo se presta c27831d27831